000 00453nam a2200169Ia 4500
003 GCL
008 140319s9999 xx 000 0 eng d
040 _aGCL /
_cGCL
082 0 4 _a005.713
_bK T
100 1 _aKINKAPH OSHERRY
245 1 0 _aTHE PRINT SHOP IDEA BOOK /
_cKINKAPH OSHERRY
260 _a[S.N] :
_bALPHA BOOKS ،
_c1993
300 _a257 P P
650 0 4 _aADVERTISING
650 0 4 _aDOS DEVICE DRIVERS (COMPUTER PROGRAM )
942 _2ddc
_cBK
999 _c17106
_d17106